Entry Nombre personal
001 - NÚMERO DE CONTROL
- campo de control: 18668
003 - IDENTIFICADOR DE NÚMERO DE CONTROL
- campo de control: SpMaBN
005 - FECHA Y HORA DE LA ÚLTIMA TRANSACCIÓN
- campo de control: 20230905192332.0
008 - ELEMENTOS DE DATO DE LONGITUD-FIJA
- campo de control de longitud fija: 920115n| aijnnaabn |a aaa
016 ## - NÚMERO DE CONTROL DE UNA AGENCIA BIBLIOGRÁFICA NACIONAL
- Número de control del registro: BNE19920020664
024 7# - IDENTIFICADOR DE OTROS ESTÁNDARES
- Número estándar o código: http://viaf.org/viaf/87940959/
- Fuente: viaf
024 7# - IDENTIFICADOR DE OTROS ESTÁNDARES
- Número estándar o código: https://isni.org/isni/000000008162056X
- Fuente: isni
024 7# - IDENTIFICADOR DE OTROS ESTÁNDARES
- Número estándar o código: http://www.wikidata.org/entity/Q21464201
- Fuente: wikidata
040 ## - FUENTE DE CATALOGACIÓN
- Centro catalogador/agencia de origen: SpMaBN
- Lengua de catalogación: spa
- Centro/agencia transcriptor: SpMaBN
- Normas de descripción: rdc
- Convención/Normas de encabezamiento de materia/tesauro: embne
046 ## - FECHAS CON CODIFICACIÓN ESPECIAL
- Fecha de nacimiento: 1895
- Fecha de la muerte: 1976
100 1# - ENCABEZAMIENTO-NOMBRE DE PERSONA
- Nombre de persona: Aguiar, José,
- Fechas asociadas al nombre: 1895-1976
370 ## - LUGAR ASOCIADO
- Lugar de nacimiento: Santa Clara
- Fuente de información: Wikidata
373 ## - GRUPO ASOCIADO
- Grupo asociado: Ateneo de Madrid
- Fuente de información: Cargos históricos del Ateneo de Madrid 1835-1936 (Archivo del Ateneo); Listado de socios anteriores a 1 de abril de 1939 (Archivo del Ateneo)
374 ## - OCUPACIÓN
- Ocupación: Pintores
- Ocupación: Pintores
- Fuente de información: Wikidata
375 ## - GÉNERO/SEXO
- Género: Masculino
400 1# - TRAZADO DE VÉASE--NOMBRE DE PERSONA
- Nombre de persona: Aguiar,
- Fechas asociadas al nombre: 1895-1976
400 1# - TRAZADO DE VÉASE--NOMBRE DE PERSONA
- Nombre de persona: Aguiar García, José,
- Fechas asociadas al nombre: 1895-1976
670 ## - FUENTE DE DATOS ENCONTRADOS
- Cita de la fuente: Aguiar, 1991
- Información encontrada: port. (José Aguiar) p. 95 (José Aguiar García; n. 1895 m. 1976)
670 ## - FUENTE DE DATOS ENCONTRADOS
- Cita de la fuente: Dic. de pintores y escultores del siglo XX, 1994
- Información encontrada: (Aguiar García, José; n. 1898, en Vueltas de Santa Clara, Cuba -m. 1976, en Madrid; Pintor)
670 ## - FUENTE DE DATOS ENCONTRADOS
- Cita de la fuente: WWW BN España aut., 05/09/2023
- Información encontrada: (Aguiar, José, 1895-1976)
678 ## - DATOS BIOGRÁFICOS O HISTÓRICOS
- Datos biográficos o históricos: Socio del Ateneo de Madrid n. 9262. Secretario tercero de la Sección de Artes Plásticas en 1920-21
- Ampliación de la nota: Fuentes: Cargos históricos del Ateneo de Madrid 1835-1936 (Archivo del Ateneo); Listado de socios anteriores a 1 de abril de 1939 (Archivo del Ateneo)
